00570nam a22001697a 450000500170000001000150001702000270003203500140005903700130007308200100008610000190009624500610011526000400017627001090021630000250032550000500035020190722123755.0 aENG-126026 a9788178442006c1495.00 aEN-109558 bDBAD/PUB a303.4 aHenna Tabassum aSociology of change and development /cby Henna Tabassum aNew DelhibR.K. Pulblicationsc2018 a4806/24, Bharat Ram Road, Darya GanjbNew Delhie110002k011-23285167, 65185557minfo@kkpublications.com aviii,280p.c25cm(Hb) aIncludes bibliographical references and index